[Event "Mondiale Lampo FIDE 2022"]
[Site "Alma Ata"]
[Date "30.12.2022"]
[Round "16.73"]
[White "Maze, Sebastien"]
[Black "Postlmayer, Jakob"]
[Result "1-0"]
[WhiteTitle ""]
[BlackTitle ""]
[WhiteElo "2538"]
[BlackElo "2314"]
[WhiteFideId "613762"]
[BlackFideId "1643622"]
[EventDate "29.12.2022"]

1. e4 e5 2. Nf3 Nf6 3. Nxe5 d6 4. Nd3 Nxe4 5. Nf4 d5 6. d4 c6 7. Bd3 Bf5 8. O-O
Be7 9. c3 O-O 10. Qc2 g6 11. Re1 Nd6 12. Nd2 Nd7 13. Nf3 Bf6 14. Bxf5 Nxf5 15.
Nd3 Re8 16. Bf4 Be7 17. g4 Ng7 18. h3 Bf8 19. Rxe8 Nxe8 20. Re1 Nd6 21. Nfe5 f6
22. Nxd7 Qxd7 23. Nc5 Qf7 24. Qa4 a6 25. Qb3 Nb5 26. a4 Bxc5 27. dxc5 Na7 28.
Qb6 Kg7 29. Re3 Qd7 30. Kg2 Nc8 31. Qc7 Qxc7 32. Bxc7 Kf7 33. Bd8 a5 34. f4 Ra6
35. f5 gxf5 36. gxf5 Ra8 37. Kf3 Na7 38. Re7+ Kf8 39. Rxb7 Rxd8 40. Rxa7 Rb8 41.
Rxa5 Rxb2 42. Ra6 Rb3 43. Rxc6 Rxc3+ 44. Kf4 Rc4+ 45. Ke3 Rxa4 46. Rxf6+ Ke7 47.
Rd6 Ra3+ 48. Kd4 Rxh3 49. Rxd5 Kf6 50. c6 Rh4+ 51. Kc5 Rh1 52. Kd6 h5 53. c7 Rc1
54. Rc5 Rd1+ 55. Kc6 1-0

[Event "Mondiale Lampo FIDE 2022"]
[Site "Alma Ata"]
[Date "30.12.2022"]
[Round "16.74"]
[White "Suyarov, Mukhammadzokhid"]
[Black "Petkov, Momchil"]
[Result "1-0"]
[WhiteTitle ""]
[BlackTitle ""]
[WhiteElo "2299"]
[BlackElo "2531"]
[WhiteFideId "14210495"]
[BlackFideId "2921642"]
[EventDate "29.12.2022"]

1. d4 Nf6 2. Nc3 d5 3. Bf4 e6 4. Nb5 Na6 5. e3 Be7 6. Nf3 O-O 7. Be2 c6 8. Nc3
c5 9. Nb5 Bd7 10. c3 Qb6 11. a4 c4 12. Nd2 Ne8 13. b3 cxb3 14. Qxb3 Qd8 15. O-O
Nac7 16. Nxc7 Nxc7 17. Qxb7 Ne8 18. Bb5 Bxb5 19. axb5 Bd6 20. Rxa7 Rb8 21. Qa6
Bxf4 22. exf4 Nd6 23. Rb1 Rb6 24. Qa5 Qb8 25. g3 Rxb5 26. Rxb5 Qxb5 27. Qc7 Nf5
28. Rb7 Qe2 29. Rb8 g6 30. Nf1 h5 31. Rxf8+ Kxf8 32. Qe5 Qc2 33. Qh8+ Ke7 34.
Qc8 Qb1 35. c4 dxc4 36. Qc5+ Ke8 37. Qxc4 Qb6 38. d5 exd5 39. Qxd5 Qd6 40. Qa8+
Qd8 41. Qa1 Qd5 42. Qh8+ Ke7 43. Qe5+ Qxe5 44. fxe5 g5 45. Nd2 g4 46. Ne4 Nd4
47. Ng5 Nc6 48. f4 gxf3 49. Nxf3 Ke6 50. Ng5+ Ke7 51. Kg2 Nxe5 52. Kh3 Kf6 53.
Ne4+ Kg6 54. Kg2 Ng4 55. h3 Ne5 56. Kf2 Kf5 57. Nc5 Ng6 58. Nb3 Ke4 59. Nd2+ Kf5
60. Nf3 f6 61. Ke3 Nf8 62. Nh4+ Ke5 63. Ng2 Ne6 64. h4 f5 65. Kf3 Nd4+ 66. Kf2
Ne6 67. Ke3 Nf8 68. Nf4 Nd7 69. Nxh5 Nb6 70. Nf4 Nc4+ 71. Kf2 Nd6 72. Kf3 Ne4
73. Nd3+ Kf6 74. g4 Nd2+ 75. Ke2 Ne4 76. Ke3 Nd6 77. g5+ Kg7 78. Kf4 Kf7 79. Ke5
Ne4 80. Kxf5 Ng3+ 81. Kg4 Ne4 82. Nf4 Kg7 83. h5 Kh7 84. Nd5 Kg7 85. h6+ Kf7 86.
Kf5 Nd6+ 87. Kf4 Nc4 88. Ne7 Nd6 89. g6+ Kf6 90. g7 1-0

[Event "Mondiale Lampo FIDE 2022"]
[Site "Alma Ata"]
[Date "30.12.2022"]
[Round "16.75"]
[White "Gadimbayli, Abdulla"]
[Black "Burmakin, Vladimir"]
[Result "1/2-1/2"]
[WhiteTitle ""]
[BlackTitle ""]
[WhiteElo "2524"]
[BlackElo "2498"]
[WhiteFideId "13404938"]
[BlackFideId "4105109"]
[EventDate "29.12.2022"]

1. e4 c6 2. Nf3 d5 3. exd5 cxd5 4. Ne5 Nf6 5. d4 g6 6. Bb5+ Bd7 7. Nxd7 Nbxd7 8.
O-O Bg7 9. Re1 O-O 10. c3 Ne4 11. Bd3 Ndf6 12. Bf4 Qd7 13. Nd2 Nxd2 14. Qxd2 e6
15. h3 Rfc8 16. a4 Ne8 17. a5 Nd6 18. a6 b6 19. Bxd6 Qxd6 20. Bb5 Rc7 21. Re2
Rd8 22. Rae1 Qf8 23. Qd3 Bh6 24. g3 Bg5 25. h4 Bf6 26. h5 gxh5 27. Qf3 Qh6 28.
Kg2 h4 29. Rh1 Kh8 30. Bd3 Rg8 31. Rh3 Rg7 32. Re3 Rc8 33. Kf1 Rcg8 34. Ke2 Rg4
35. Kd1 Qg7 36. Kc2 Qg5 37. Kb1 Rg7 38. gxh4 Rxh4 39. Rg3 Rg4 40. Rxg4 Qxg4 41.
Qxf6 Qd1+ 1/2-1/2

[Event "Mondiale Lampo FIDE 2022"]
[Site "Alma Ata"]
[Date "30.12.2022"]
[Round "16.76"]
[White "Kostenko, Petr"]
[Black "Svane, Frederik"]
[Result "0-1"]
[WhiteTitle ""]
[BlackTitle ""]
[WhiteElo "2374"]
[BlackElo "2568"]
[WhiteFideId "13700669"]
[BlackFideId "12923044"]
[EventDate "29.12.2022"]

1. c4 c5 2. g3 Nc6 3. Bg2 g6 4. Nc3 Bg7 5. e3 Bxc3 6. bxc3 f5 7. h4 Nf6 8. h5
Rg8 9. hxg6 hxg6 10. d3 Qc7 11. Ne2 b6 12. Nf4 Bb7 13. Nd5 Nxd5 14. cxd5 Ne5 15.
c4 O-O-O 16. Bb2 e6 17. Rc1 d6 18. O-O Qh7 19. Re1 Rh8 20. d4 Ng4 21. dxc5 dxc5
22. Bxh8 Rxh8 23. Qd2 exd5 24. cxd5 Ba6 25. Re2 Ne5 26. d6 Bb7 27. d7+ Nxd7 28.
Bxb7+ Kxb7 29. Qd5+ Kc7 30. Rd1 Qh2+ 31. Kf1 Qh1+ 0-1

[Event "Mondiale Lampo FIDE 2022"]
[Site "Alma Ata"]
[Date "30.12.2022"]
[Round "16.77"]
[White "Shishkov, Andrei"]
[Black "Makarian, Rudik"]
[Result "0-1"]
[WhiteTitle ""]
[BlackTitle ""]
[WhiteElo "2340"]
[BlackElo "2554"]
[WhiteFideId "4500563"]
[BlackFideId "44105681"]
[EventDate "29.12.2022"]

1. d4 g6 2. e4 Bg7 3. Nf3 c6 4. Bd3 d5 5. Nbd2 dxe4 6. Nxe4 Nf6 7. Nxf6+ exf6 8.
h3 O-O 9. O-O Re8 10. c3 Na6 11. Bf4 Nc7 12. Re1 Be6 13. Qd2 Qd7 14. a4 a5 15.
Bg3 Nd5 16. Re2 Bf5 17. Rae1 Rxe2 18. Rxe2 b5 19. axb5 cxb5 20. Qc2 Bxd3 21.
Qxd3 Rc8 22. Nd2 a4 23. Ne4 Bf8 24. Bh4 Kg7 25. Qg3 Qc7 26. Qf3 f5 27. Nc5 Bxc5
28. Qxd5 Bd6 29. Qxb5 a3 30. bxa3 Qxc3 31. Qb1 Qxd4 32. Bg5 f4 33. Re1 h6 34.
Rd1 Qe5 35. Rxd6 Qxd6 36. Qb2+ Kh7 37. Bf6 Rb8 38. Qc3 Rb1+ 39. Kh2 Qd1 0-1

[Event "Mondiale Lampo FIDE 2022"]
[Site "Alma Ata"]
[Date "30.12.2022"]
[Round "16.78"]
[White "Arjun, Kalyan"]
[Black "Degenbaev, Aziz"]
[Result "1-0"]
[WhiteTitle ""]
[WhiteElo "2505"]
[BlackElo "2139"]
[WhiteFideId "35018701"]
[BlackFideId "13802640"]
[EventDate "29.12.2022"]

1. e4 c5 2. Nf3 d6 3. d4 cxd4 4. Nxd4 Nf6 5. Nc3 Nc6 6. Bg5 Bd7 7. Nxc6 Bxc6 8.
Bxf6 gxf6 9. Bb5 Rg8 10. Qf3 Qb6 11. Bxc6+ bxc6 12. O-O-O Rb8 13. b3 Rg5 14. Rd3
Bh6 15. Kb1 Qa5 16. g4 Rc5 17. Rhd1 Bg7 18. Qg3 Rb7 19. f4 f5 20. e5 dxe5 21.
gxf5 Bf8 22. fxe5 Qc7 23. Ne4 Rd5 24. Rxd5 cxd5 25. Rxd5 Qc6 26. Qd3 Rb8 27. c4
Bh6 28. f6 e6 29. Rd7 Bf4 30. Re7+ Kf8 31. Qd4 Rc8 32. Kb2 Kg8 33. Rxa7 Rf8 1-0

[Event "Mondiale Lampo FIDE 2022"]
[Site "Alma Ata"]
[Date "30.12.2022"]
[Round "16.79"]
[White "Abdilkhair, Abilmansur"]
[Black "Harutyunyan, Tigran K."]
[Result "0-1"]
[WhiteTitle ""]
[BlackTitle ""]
[WhiteElo "2278"]
[BlackElo "2511"]
[WhiteFideId "13716417"]
[BlackFideId "13303635"]
[EventDate "29.12.2022"]

1. e4 c5 2. Nf3 e6 3. d4 cxd4 4. Nxd4 Nc6 5. Nc3 Qc7 6. g3 d6 7. Bg2 a6 8. O-O
Bd7 9. Re1 Be7 10. Nxc6 Bxc6 11. Qg4 h5 12. Qe2 h4 13. Bf4 hxg3 14. Bxg3 Nf6 15.
Rad1 Nh5 16. b3 Kf8 17. Rd3 Rc8 18. Nd1 b5 19. c3 Nxg3 20. hxg3 Qb6 21. Ne3 Qc5
22. Nd5 Bd8 23. Nb4 Bb7 24. Nc2 Be7 25. Nd4 Qg5 26. Nf3 Qh5 27. Qe3 Qc5 28. Qd2
g6 29. e5 Bxf3 30. exd6 Bxd6 31. Rxf3 Kg7 32. Qb2 Be5 33. Ree3 0-1

[Event "Mondiale Lampo FIDE 2022"]
[Site "Alma Ata"]
[Date "30.12.2022"]
[Round "16.80"]
[White "Haldorsen, Benjamin"]
[Black "Bologan, Victor"]
[Result "1-0"]
[WhiteTitle ""]
[BlackTitle ""]
[WhiteElo "2449"]
[BlackElo "2574"]
[WhiteFideId "1512633"]
[BlackFideId "13900048"]
[EventDate "29.12.2022"]

1. Nf3 Nf6 2. g3 g6 3. b3 c5 4. Bb2 Bg7 5. c4 O-O 6. Bg2 d6 7. d4 Nc6 8. d5 Na5
9. O-O a6 10. a4 Rb8 11. Nc3 e5 12. e4 Ne8 13. Ne1 f5 14. Nd3 f4 15. gxf4 exf4
16. e5 Nxb3 17. Qxb3 f3 18. e6 Qh4 19. Nd1 fxg2 20. Re1 Nf6 21. Ne3 b5 22. axb5
axb5 23. cxb5 Ng4 24. Nxg4 Qxg4 25. Bxg7 Kxg7 26. Ra7+ Rb7 27. Qc3+ Kg8 28. Rxb7
Bxb7 29. e7 Re8 30. Qf6 Bxd5 31. Qxd6 Qd4 32. Nxc5 Qc4 33. Nd7 1-0

[Event "Mondiale Lampo FIDE 2022"]
[Site "Alma Ata"]
[Date "30.12.2022"]
[Round "16.81"]
[White "Puranik, Abhimanyu"]
[Black "Begmuratov, Khumoyun"]
[Result "1-0"]
[WhiteTitle ""]
[BlackTitle ""]
[WhiteElo "2616"]
[BlackElo "2399"]
[WhiteFideId "5061245"]
[BlackFideId "14210207"]
[EventDate "29.12.2022"]

1. Nf3 Nf6 2. g3 g6 3. Bg2 Bg7 4. O-O O-O 5. d4 d6 6. c4 Nbd7 7. Nc3 e5 8. b3
Re8 9. Re1 a5 10. h3 h6 11. e4 b6 12. Rb1 Ba6 13. a3 c6 14. Be3 b5 15. d5 cxd5
16. cxb5 d4 17. bxa6 dxe3 18. Rxe3 Rxa6 19. Bf1 Rc6 20. Bb5 Rb6 21. Bc4 Qe7 22.
Rd3 Nc5 23. Re3 Bf8 24. b4 axb4 25. axb4 Ne6 26. Nd2 Rc8 27. Nd5 Nxd5 28. Bxd5
Nd4 29. Qg4 Rc2 30. Nc4 Ra6 31. Qxg6+ Bg7 32. Qg4 Raa2 33. Rf1 Qc7 34. Na5 Rab2
35. Nb3 Rxf2 36. Rxf2 Rb1+ 37. Rf1 Rb2 38. Rxf7 Qc2 39. Qxg7# 1-0

[Event "Mondiale Lampo FIDE 2022"]
[Site "Alma Ata"]
[Date "30.12.2022"]
[Round "16.82"]
[White "Sankalp, Gupta"]
[Black "Korelskiy, Egor"]
[Result "1-0"]
[WhiteTitle ""]
[BlackTitle ""]
[WhiteElo "2485"]
[BlackElo "2153"]
[WhiteFideId "5097010"]
[BlackFideId "34329064"]
[EventDate "29.12.2022"]

1. d4 d5 2. Bf4 Nf6 3. e3 g6 4. Nf3 Bg7 5. h3 O-O 6. Nbd2 c5 7. c3 Nc6 8. Bd3
Nd7 9. O-O e5 10. dxe5 Ndxe5 11. Nxe5 Nxe5 12. Bc2 Nc6 13. Nf3 h6 14. Qd2 Be6
15. Rfe1 Qb6 16. Rab1 Rad8 17. Bd3 Rfe8 18. b4 cxb4 19. cxb4 g5 20. Bg3 d4 21.
e4 f6 22. a4 Ne5 23. Nxe5 fxe5 24. Rec1 Qd6 25. h4 Qe7 26. hxg5 hxg5 27. Rc5 b6
28. Rc2 Rc8 29. Rbc1 Rxc2 30. Rxc2 Bf6 31. Ba6 Qd6 32. f3 Re7 33. Bf1 Rc7 34.
Rxc7 Qxc7 35. Qxd4 exd4 36. Bxc7 Bb3 37. a5 Be7 38. axb6 axb6 39. Bxb6 Bxb4 40.
Bxd4 Kf7 41. Kf2 Kg6 42. Bb5 Bf7 43. Bd3 Ba3 44. e5+ Kh6 45. Kg3 Bb4 46. Bf5
Be1+ 47. Kg4 Bh5+ 48. Kh3 Be8 49. e6 1-0

[Event "Mondiale Lampo FIDE 2022"]
[Site "Alma Ata"]
[Date "30.12.2022"]
[Round "16.83"]
[White "Mamedov, Edgar"]
[Black "Tologon tegin, Semetei"]
[Result "1-0"]
[WhiteTitle ""]
[BlackTitle ""]
[WhiteElo "2283"]
[BlackElo "2394"]
[WhiteFideId "13739980"]
[BlackFideId "13800574"]
[EventDate "29.12.2022"]

1. d4 Nf6 2. c4 e6 3. Nf3 Bb4+ 4. Bd2 a5 5. g3 b6 6. Bg2 Bb7 7. O-O O-O 8. a3
Bxd2 9. Qxd2 d6 10. Nc3 Ne4 11. Nxe4 Bxe4 12. Nh4 Bxg2 13. Nxg2 Nd7 14. e4 e5
15. Ne3 exd4 16. Qxd4 Re8 17. Rad1 Nc5 18. f3 a4 19. Nf5 Ne6 20. Qc3 Qg5 21. Rd5
Qg6 22. Qe3 Qf6 23. Rd2 Nc5 24. Qd4 Qg6 25. Re2 Re5 26. Qxe5 dxe5 27. Ne7+ Kf8
28. Nxg6+ hxg6 29. Rd1 Ke7 30. Kf2 g5 31. Ke3 f6 32. h4 gxh4 33. gxh4 Rh8 34.
Rg1 Kf7 35. Reg2 Ne6 36. Rg4 Rh7 37. Rd1 Ke7 38. Rb1 Nd4 39. f4 Nc6 40. Rbg1
exf4+ 41. Kxf4 Kf7 42. h5 Nd4 43. Ke3 Ne6 44. Rh1 Ke7 45. Kd3 Rh8 46. e5 f5 47.
Rgg1 Rd8+ 48. Ke3 Rd4 49. Rxg7+ Kf8 50. Rg6 Re4+ 51. Kd2 Rxe5 52. h6 Nf4 53.
Rf6+ Ke7 54. h7 Kxf6 55. h8=Q+ Ke6 56. Qe8+ Kd6 57. Qd8+ Kc6 58. Qa8+ Kc5 59.
Qxa4 Re2+ 60. Kd1 Rxb2 61. Rh7 Nd3 62. Rxc7+ Kd4 63. Rd7+ Kc3 64. Rxd3+ Kxd3 65.
Kc1 Kc3 66. c5 bxc5 67. Qa5+ Kb3 68. Qb5+ 1-0

[Event "Mondiale Lampo FIDE 2022"]
[Site "Alma Ata"]
[Date "30.12.2022"]
[Round "16.84"]
[White "Suleimen, Ergali"]
[Black "Mamatov, Melis"]
[Result "0-1"]
[BlackTitle ""]
[WhiteElo "2073"]
[BlackElo "2399"]
[WhiteFideId "13724452"]
[BlackFideId "13800027"]
[EventDate "29.12.2022"]

1. e4 c5 2. Nf3 d6 3. Bb5+ Nd7 4. d4 a6 5. Bxd7+ Qxd7 6. O-O cxd4 7. Qxd4 Nf6 8.
Bg5 h6 9. Bxf6 gxf6 10. c4 Rg8 11. Kh1 Rxg2 12. Nbd2 Rg4 13. Rg1 h5 14. Qe3 Qc6
15. Nd4 Qc5 16. f3 Rg5 17. h4 Rxg1+ 18. Rxg1 Bd7 19. Rc1 Qe5 20. f4 Bh6 21. Rf1
Qc5 22. Qd3 b5 23. N4b3 Qb6 24. Qd5 Bc6 25. Qxh5 Bf8 26. c5 dxc5 27. Qxc5 Qxc5
28. Nxc5 e6 29. Rc1 Bh6 30. Nxe6 fxe6 31. Rxc6 Kd7 32. Rc3 Bxf4 33. Nb3 Bd6 34.
Nc5+ Bxc5 35. Rxc5 Rh8 36. h5 f5 37. Kg2 Rxh5 38. exf5 Rxf5 39. Rc3 a5 40. Ra3
b4 41. Rb3 Kc6 42. a3 Kc5 43. axb4+ axb4 44. Re3 e5 45. Kg3 Kd4 46. Rb3 Kc4 47.
Re3 Kc5 48. Kg4 Kd4 49. Rb3 Rf4+ 50. Kg5 0-1

[Event "Mondiale Lampo FIDE 2022"]
[Site "Alma Ata"]
[Date "30.12.2022"]
[Round "16.85"]
[White "Khusenkhojaev, Mustafokhuja"]
[Black "Everett, Elijah"]
[Result "0-1"]
[WhiteElo "2265"]
[BlackElo "2202"]
[WhiteFideId "14700727"]
[BlackFideId "12973696"]
[EventDate "29.12.2022"]

1. d4 Nf6 2. Nf3 g6 3. c4 Bg7 4. Nc3 O-O 5. g3 d6 6. Bg2 Nc6 7. O-O a6 8. Bf4
Rb8 9. Rc1 h6 10. h3 g5 11. Be3 g4 12. hxg4 Nxg4 13. Qd2 Nxe3 14. Qxe3 e5 15.
dxe5 Re8 16. Rfd1 Bd7 17. c5 Nxe5 18. cxd6 cxd6 19. Nxe5 Rxe5 20. Qd3 Bg4 21.
Rd2 Re7 22. Nd5 Re8 23. Bf3 Be6 24. Nf4 Qb6 25. b3 Rbd8 26. Rcd1 Re7 27. Bd5 Be5
28. Qf3 Bxf4 29. Qxf4 Bxd5 30. Rxd5 Re6 31. e3 Qc6 32. Rh5 Kg7 33. Qg4+ Rg6 34.
Qd4+ Kg8 35. Qh4 Re8 36. Rxh6 Rxh6 37. Qxh6 Re6 38. Qh5 Kg7 39. Qg5+ Rg6 40. Qd5
Qc2 41. Qd2 Qf5 42. Qd4+ Kg8 43. Kg2 Rh6 44. Qf4 Qh5 45. Rxd6 Qh1# 0-1

[Event "Mondiale Lampo FIDE 2022"]
[Site "Alma Ata"]
[Date "30.12.2022"]
[Round "16.86"]
[White "Elier, Ali"]
[Black "Akhilbay, Imangali"]
[Result "1/2-1/2"]
[WhiteElo "2165"]
[BlackElo "2140"]
[WhiteFideId "16217543"]
[BlackFideId "13734857"]
[EventDate "29.12.2022"]

1. e4 c5 2. d4 cxd4 3. c3 Nf6 4. e5 Nd5 5. Nf3 Nc6 6. Bc4 Nb6 7. Bb3 d6 8. exd6
Qxd6 9. O-O Bf5 10. Nxd4 Nxd4 11. cxd4 e6 12. Nc3 Be7 13. Qf3 O-O 14. Qxb7 Rfd8
15. Rd1 Nd5 16. Nxd5 exd5 17. Qb5 Qg6 18. Bf4 Be4 19. Bg3 h5 20. Qb7 Bd6 21. f3
Rab8 22. Qxa7 Bxf3 23. gxf3 Bxg3 24. hxg3 Qxg3+ 25. Kh1 Qxf3+ 26. Kh2 Qf2+ 27.
Kh1 Qh4+ 28. Kg1 Qg3+ 29. Kh1 Qh4+ 30. Kg1 Qg3+ 31. Kh1 1/2-1/2

[Event "Mondiale Lampo FIDE 2022"]
[Site "Alma Ata"]
[Date "30.12.2022"]
[Round "16.87"]
[White "Nissinen, Niilo Man"]
[Black "Amangeldy, Ernur"]
[Result "0-1"]
[WhiteTitle ""]
[WhiteElo "1996"]
[BlackElo "2097"]
[WhiteFideId "30950767"]
[BlackFideId "13720244"]
[EventDate "29.12.2022"]

1. e4 c5 2. Nf3 a6 3. d4 cxd4 4. Nxd4 Nf6 5. Nc3 e5 6. Nf3 Nc6 7. Bc4 d6 8. Ng5
Be6 9. Nxe6 fxe6 10. Bxe6 Nd4 11. Bc4 Rc8 12. Bd5 Nxd5 13. exd5 Be7 14. O-O O-O
15. Be3 Nf5 16. Qe2 Qe8 17. Rfd1 Qg6 18. Qd3 Qh5 19. Ne4 Bh4 20. Ng3 Bxg3 21.
hxg3 Qg4 22. Rd2 h5 23. Qe2 Qg6 24. Rc1 h4 25. g4 Nxe3 26. fxe3 Qe4 27. c4 b5
28. Rdc2 b4 29. b3 a5 30. Rf1 Rxf1+ 31. Kxf1 Rf8+ 32. Kg1 Rf6 33. Rc1 Rg6 34.
Qf3 Qd3 35. Rd1 Qc2 36. Qf2 Qxd1+ 37. Kh2 Qxg4 38. Qc2 Qg3+ 39. Kg1 h3 40. c5
Qxe3+ 0-1

[Event "Mondiale Lampo FIDE 2022"]
[Site "Alma Ata"]
[Date "30.12.2022"]
[Round "17.4"]
[White "Giri, Anish"]
[Black "Artemiev, Vladislav"]
[Result "1/2-1/2"]
[WhiteTitle ""]
[BlackTitle ""]
[WhiteElo "2764"]
[BlackElo "2701"]
[WhiteFideId "24116068"]
[BlackFideId "24101605"]
[EventDate "29.12.2022"]

1. e4 e5 2. Nf3 Nc6 3. Bb5 Nf6 4. O-O Nxe4 5. Re1 Nd6 6. Nxe5 Be7 7. Bf1 Nxe5 8.
Rxe5 O-O 9. Nc3 Ne8 10. Nd5 Bd6 11. Re1 c6 12. Ne3 Be7 13. c4 Nc7 14. d4 d5 15.
cxd5 Bb4 16. Bd2 Bxd2 17. Qxd2 Nxd5 18. Nxd5 Qxd5 19. Re5 Qd6 20. Bc4 1/2-1/2

[Event "Mondiale Lampo FIDE 2022"]
[Site "Alma Ata"]
[Date "30.12.2022"]
[Round "17.6"]
[White "Harikrishna, Pentala"]
[Black "Duda, Jan-Krzysztof"]
[Result "0-1"]
[WhiteTitle ""]
[BlackTitle ""]
[WhiteElo "2705"]
[BlackElo "2729"]
[WhiteFideId "5007003"]
[BlackFideId "1170546"]
[EventDate "29.12.2022"]

1. Nf3 d5 2. g3 Nd7 3. c4 dxc4 4. Qc2 a6 5. Bg2 Ngf6 6. Na3 b5 7. Nd4 Nb6 8.
Bxa8 Nxa8 9. Nf3 Bb7 10. b3 cxb3 11. axb3 e5 12. Bb2 e4 13. Nd4 Qd7 14. Naxb5
axb5 15. Ra7 Bd5 16. O-O Bd6 17. Ba3 b4 18. Bb2 Qh3 19. f3 exf3 20. Nxf3 Ng4 21.
Qf5 Bxg3 22. Qxd5 Bxh2+ 23. Kh1 Qxf1+ 0-1

[Event "Mondiale Lampo FIDE 2022"]
[Site "Alma Ata"]
[Date "30.12.2022"]
[Round "17.7"]
[White "Fedoseev, Vladimir3"]
[Black "Anton Guijarro, David"]
[Result "1-0"]
[WhiteTitle ""]
[BlackTitle ""]
[WhiteElo "2688"]
[BlackElo "2675"]
[WhiteFideId "24130737"]
[BlackFideId "2285525"]
[EventDate "29.12.2022"]

1. Nf3 d5 2. g3 c5 3. Bg2 Nf6 4. O-O e6 5. c4 d4 6. d3 Nc6 7. e3 h6 8. Na3 e5 9.
exd4 exd4 10. Re1+ Be7 11. Bf4 O-O 12. Nb5 Bg4 13. h3 Bh5 14. g4 Bg6 15. Ne5
Nxe5 16. Bxe5 a6 17. Nc7 Rc8 18. Nd5 Nxd5 19. Bxd5 Bd6 20. f4 Re8 21. Qf3 Bxe5
22. Rxe5 Rxe5 23. fxe5 Rc7 24. Re1 Re7 25. h4 Qe8 26. Kg2 b6 27. b3 a5 28. h5
Bh7 29. Qg3 Kh8 30. g5 hxg5 31. Qxg5 Qf8 32. Qg3 f6 33. e6 f5 34. Qg5 Qf6 35.
Qxf6 gxf6 36. Kf3 Kg7 37. Kf4 Kh6 38. Bf3 Kg7 39. a3 Kh6 40. Re2 Kg7 41. Bd5 Kh6
42. Rh2 Re8 43. Rh3 Re7 44. Rh2 Rg7 45. Bf3 Re7 46. Re2 Kg7 47. Bg2 Bg8 48. Kxf5
Bh7+ 49. Kf4 Bxd3 50. Re1 Bc2 51. Bd5 Kh6 52. Rg1 d3 53. Ke3 Kxh5 54. Kd2 Kh6
55. Kc3 f5 56. Rg2 Kh5 57. Rg8 f4 58. Rf8 Kg5 59. Rf7 Re8 60. Rg7+ Kf6 61. Rf7+
Ke5 62. e7 Kd6 63. Rxf4 Kxe7 64. Rf7+ Kd6 65. Rf6+ Kc7 66. Rc6+ Kd7 67. Rxb6 Re2
68. Bf3 Rf2 69. Bg4+ Kc7 70. Rb5 Kd6 71. Rxa5 Bb1 72. Bd1 Rf1 73. Kd2 Rf2+ 74.
Kc3 Rf1 75. Bg4 Rc1+ 76. Kb2 d2 77. Ra8 Kc7 78. Rc8+ Kb6 79. Rd8 Rg1 80. Rxd2
Rxg4 81. Kxb1 Rg3 82. Ka2 Ka5 83. Rd5 Rg2+ 84. Kb1 Kb6 85. b4 cxb4 86. axb4 Rg4
87. Rb5+ Ka6 88. Rc5 Kb6 89. Kb2 Rg1 90. Rh5 Rg3 91. Rh6+ Kb7 92. c5 Kc7 93. Rb6
Rh3 94. Rd6 Rg3 95. b5 Rg5 96. b6+ Kb8 97. Rd8+ Kb7 98. Rd7+ Kb8 99. Rc7 Rf5
100. Kc3 Rf1 101. Kc4 Rc1+ 102. Kd5 Rh1 103. Re7 Rh5+ 104. Kc6 Rh6+ 105. Kb5 1-0

[Event "Mondiale Lampo FIDE 2022"]
[Site "Alma Ata"]
[Date "30.12.2022"]
[Round "17.8"]
[White "Rapport, Richard"]
[Black "Lazavik, Denis"]
[Result "1/2-1/2"]
[WhiteTitle ""]
[BlackTitle ""]
[WhiteElo "2740"]
[BlackElo "2537"]
[WhiteFideId "738590"]
[BlackFideId "13515110"]
[EventDate "29.12.2022"]

1. e4 e5 2. Bc4 Nf6 3. d3 Bc5 4. Nc3 O-O 5. Nf3 d6 6. O-O h6 7. h3 a6 8. Ne2 Nc6
9. c3 Ba7 10. Bb3 Be6 11. Ng3 Bxb3 12. axb3 d5 13. b4 dxe4 14. dxe4 Qxd1 15.
Rxd1 Rad8 16. Rxd8 Rxd8 17. Kf1 Ne8 18. Ke2 Nd6 19. h4 f6 20. h5 Kf7 21. Ne1 Nb8
22. Nd3 Nd7 23. f3 Nf8 24. Nf1 Ne6 25. Ne3 Bxe3 26. Bxe3 Nc4 27. Bc1 Nd6 28. Nc5
Ra8 29. Nd3 Rd8 30. g4 Ke7 31. Nc5 Ra8 32. Nb3 Nc4 33. Kd3 Rd8+ 34. Ke2 Kd7 35.
Nc5+ Nxc5 36. bxc5 Kc6 37. b3 Kxc5 38. bxc4 Kxc4 39. Bd2 c5 40. Ra5 Ra8 41. Kd1
b6 42. Ra3 a5 43. Kc2 a4 44. f4 exf4 45. Bxf4 b5 46. e5 Rf8 47. Kd2 Rd8+ 48. Ke3
Re8 49. Ke4 fxe5 50. Bxe5 Re7 51. Kf5 Kd5 52. Bg3 Kc4 53. Bd6 Rd7 54. Ke6 Ra7
55. Be5 b4 56. cxb4 cxb4 57. Rf3 a3 58. Rf4+ Kb5 59. Bd6 Ra4 60. Be5 b3 61. Rf7
Ra6+ 62. Kd5 b2 63. Bd4 Ka4 64. Rb7 Ra8 65. Bxb2 axb2 66. Rxb2 Ra5+ 67. Ke4 Rg5
68. Kf4 Ka5 69. Rb7 g6 70. hxg6 Rxg6 71. Kf5 Rg5+ 72. Kf4 Rg6 73. Rb1 Ka6 74.
Rb2 Ka5 75. Rb3 Ka6 76. Rb4 Ka5 77. Rb8 Ka6 78. Rb1 Ka5 79. Rb3 Ka6 80. Rh3 Kb7
81. Kf5 Rg5+ 82. Kf4 Rg6 83. Rc3 Kb6 84. Rc4 Kb7 85. Kf3 Kb6 86. Kf4 Kb7 87. Rc5
Kb6 88. Rf5 Kc7 89. Kg3 Kd7 90. Kh4 Ke7 91. Kh5 Ra6 92. g5 1/2-1/2

[Event "Mondiale Lampo FIDE 2022"]
[Site "Alma Ata"]
[Date "30.12.2022"]
[Round "17.9"]
[White "Madaminov, Mukhiddin"]
[Black "Dardha, Daniel"]
[Result "1-0"]
[WhiteTitle ""]
[BlackTitle ""]
[WhiteElo "2438"]
[BlackElo "2606"]
[WhiteFideId "14210703"]
[BlackFideId "240990"]
[EventDate "29.12.2022"]

1. d4 d5 2. Nc3 Nf6 3. Bf4 c5 4. e4 Nxe4 5. Nxe4 dxe4 6. dxc5 Qa5+ 7. c3 Qxc5 8.
Qa4+ Nc6 9. Qxe4 g6 10. Nf3 Bg7 11. Qe3 Qxe3+ 12. Bxe3 O-O 13. O-O-O Bf5 14. Bd3
Rfd8 15. Bxf5 gxf5 16. Kc2 e6 17. a4 Bf6 18. b4 Rdc8 19. Kb3 a6 20. c4 Kg7 21.
Rd7 Rab8 22. Rhd1 e5 23. Bb6 Re8 24. b5 e4 25. Nd4 Nxd4+ 26. Bxd4 Bxd4 27. R7xd4
axb5 28. axb5 Rbc8 29. g3 Re6 30. Kb4 Ra8 31. c5 Kf6 32. b6 f4 33. gxf4 e3 34.
fxe3 Rxe3 35. Rd7 Re4+ 36. Kb5 Rb8 37. R1d6+ Kg7 38. f5 Rf4 39. Rd5 Rf2 40. h4
Kf6 41. Rc7 Rb2+ 42. Kc4 Rc2+ 43. Kb3 Rc1 44. Rd6+ Ke5 45. Re7+ Kf4 46. Rd4+
Kxf5 47. Rc4 Rb1+ 48. Kc2 Rh1 49. Rxf7+ Ke5 50. Rxh7 Kd5 51. Rc3 Kc6 52. Rc7+
Kb5 53. Rh7 Rh2+ 54. Kb3 Ra8 55. Rc2 Rh3+ 56. Kb2 Kb4 57. Rxb7 Raa3 58. Ra7
Rab3+ 59. Ka2 Kb5 60. c6 Kxb6 61. Rb7+ 1-0